000 00342nam a2200133Ia 4500
008 151001s9999||||xx |||||||||||||| ||und||
100 _a जिंदर
245 _aजखम
250 _a1
260 _b"रश्मी बुक एजन्सी, कोल्हापूर "
260 _c2013
300 _a134
365 _b21
999 _c999788
_d999785